<?xml version="1.0" encoding="UTF-8"?>
<record
    xmlns:xsi="http://www.w3.org/2001/XMLSchema-instance"
    xsi:schemaLocation="http://www.loc.gov/MARC21/slim http://www.loc.gov/standards/marcxml/schema/MARC21slim.xsd"
    xmlns="http://www.loc.gov/MARC21/slim">

  <leader>00738cam a2200217 a 4500</leader>
  <controlfield tag="003">CO-ViMGA</controlfield>
  <controlfield tag="005">20230915223802.0</controlfield>
  <controlfield tag="008">020319s2000    sp      rd    00010 spa d</controlfield>
  <datafield tag="020" ind1=" " ind2=" ">
    <subfield code="a">8449415357</subfield>
  </datafield>
  <datafield tag="040" ind1=" " ind2=" ">
    <subfield code="a">CO-ViMGA</subfield>
    <subfield code="b">spa</subfield>
    <subfield code="c">CO-ViMGA</subfield>
  </datafield>
  <datafield tag="082" ind1="0" ind2="4">
    <subfield code="a">R463 </subfield>
    <subfield code="b">D422i</subfield>
  </datafield>
  <datafield tag="245" ind1="0" ind2="0">
    <subfield code="a">Diccionario ilustrado oc&#xE9;ano de la lengua espa&#xF1;ola / </subfield>
    <subfield code="c">redacci&#xF3;n y correcci&#xF3;n Ana Aguera ... [et al].</subfield>
  </datafield>
  <datafield tag="250" ind1=" " ind2=" ">
    <subfield code="a">Edici&#xF3;n Juan P&#xE9;rez, Mar&#xED;a Villalba.</subfield>
  </datafield>
  <datafield tag="260" ind1=" " ind2=" ">
    <subfield code="a">Barcelona : </subfield>
    <subfield code="b">Oc&#xE9;ano Grupo Editorial, </subfield>
    <subfield code="c">2000.</subfield>
  </datafield>
  <datafield tag="300" ind1=" " ind2=" ">
    <subfield code="a">1192 p. ; </subfield>
    <subfield code="c">25 cm. + </subfield>
    <subfield code="e">1 cd-rom.</subfield>
  </datafield>
  <datafield tag="650" ind1="1" ind2="4">
    <subfield code="a">Espa&#xF1;ol</subfield>
    <subfield code="v"> Diccionarios.</subfield>
    <subfield code="9">1765</subfield>
  </datafield>
  <datafield tag="700" ind1="1" ind2=" ">
    <subfield code="a">Aguera, Aana.</subfield>
    <subfield code="9">9955</subfield>
  </datafield>
  <datafield tag="700" ind1="1" ind2=" ">
    <subfield code="a">P&#xE9;rez, Juan, </subfield>
    <subfield code="e">ed.</subfield>
    <subfield code="9">9957</subfield>
  </datafield>
  <datafield tag="700" ind1="1" ind2=" ">
    <subfield code="a">Villalba, Mar&#xED;a, </subfield>
    <subfield code="e">ed.</subfield>
    <subfield code="9">9956</subfield>
  </datafield>
  <datafield tag="942" ind1=" " ind2=" ">
    <subfield code="2">ddc</subfield>
    <subfield code="c">BK</subfield>
  </datafield>
  <datafield tag="999" ind1=" " ind2=" ">
    <subfield code="c">10416</subfield>
    <subfield code="d">10416</subfield>
  </datafield>
  <datafield tag="952" ind1=" " ind2=" ">
    <subfield code="0">0</subfield>
    <subfield code="1">0</subfield>
    <subfield code="2">ddc</subfield>
    <subfield code="4">0</subfield>
    <subfield code="7">0</subfield>
    <subfield code="8">001</subfield>
    <subfield code="a">MEVIGAPOR</subfield>
    <subfield code="b">MEVIGAPOR</subfield>
    <subfield code="d">2017-06-22</subfield>
    <subfield code="l">0</subfield>
    <subfield code="o">R 463 D422i</subfield>
    <subfield code="p">01334</subfield>
    <subfield code="r">2018-04-20 00:00:00</subfield>
    <subfield code="w">2017-06-22</subfield>
    <subfield code="y">BK</subfield>
  </datafield>
  <datafield tag="952" ind1=" " ind2=" ">
    <subfield code="0">0</subfield>
    <subfield code="1">0</subfield>
    <subfield code="2">ddc</subfield>
    <subfield code="4">0</subfield>
    <subfield code="7">0</subfield>
    <subfield code="8">GEN</subfield>
    <subfield code="a">MEGUAMAL</subfield>
    <subfield code="b">MEGUAMAL</subfield>
    <subfield code="c">REF</subfield>
    <subfield code="d">2024-10-22</subfield>
    <subfield code="l">0</subfield>
    <subfield code="o">R 463 D42i</subfield>
    <subfield code="p">GUA004356</subfield>
    <subfield code="r">2024-10-22 09:48:58</subfield>
    <subfield code="t">Ej.1</subfield>
    <subfield code="w">2024-10-22</subfield>
    <subfield code="y">REF</subfield>
  </datafield>
</record>
